Estadísticas para Los fichajes más caros del fútbol - Futbolistas alemanes

Haz click aquí para intentar la prueba.

Estadísticas generales

  • Esta prueba ha sido intentada 39 veces
  • La puntuación promedio es 8 de 10

Estadísticas de respuestas

Coste (M €)TemporadaÚltimo clubNuevo clubJugador% Correcto
80,002020-2021Bayer LeverkusenChelseaKai Havertz
100%
75,002023-2024ChelseaArsenalKai Havertz
100%
52,002016-2017FC Schalke 04Manchester CityLeroy Sané
92%
49,002020-2021Manchester CityBayern MúnichLeroy Sané
92%
37,002013-2014Borussia DortmundBayern MúnichMario Götze
92%
53,002020-2021RB LeipzigChelseaTimo Werner
92%
47,002013-2014Real MadridArsenalMesut Özil
86%
43,002015-2016FC Schalke 04VfL WolfsburgoJulian Draxler
78%
41,002016-2017Valencia CFArsenalShkodran Mustafi
67%
37,002018-2019FC Schalke 04PSGThilo Kehrer
47%

Distribución de puntuación

Porcentaje por número respondido

Porcentaje de gente con cada puntuación

Historial de tus puntuaciones

No has intentado esta prueba.